Central Library OPAC University of Rajshahi

Lucretius on the nature of things / (Record no. 68194)

MARC details
000 -LEADER
fixed length control field 00606nam a2200205 a 4500
001 - CONTROL NUMBER
control field 68194
003 - CONTROL NUMBER IDENTIFIER
rucl marc code BD-RjUL
005 - DATE AND TIME OF LATEST TRANSACTION
control field 20211209081736.0
008 - FIXED-LENGTH DATA ELEMENTS--GENERAL INFORMATION
fixed length control field 170330r19641910enk 000 0 eng d
035 ## - SYSTEM CONTROL NUMBER
System control number (BD-RjUL)68404
040 ## - CATALOGING SOURCE
Original cataloging agency BD-RjUL
Language of cataloging eng
Transcribing agency BD-RjUL
041 1# - LANGUAGE CODE
Language code of text/sound track or separate title eng
Language code of original lat
082 ## - DEWEY DECIMAL CLASSIFICATION NUMBER
Edition number 23
Classification number 870
Author mark and year LUC 1910
245 10 - TITLE STATEMENT
Title Lucretius on the nature of things /
Statement of responsibility, etc. translated by Cyril Bailey
260 ## - PUBLICATION, DISTRIBUTION, ETC. (IMPRINT)
Place of publication, distribution, etc. Oxford :
Name of publisher, distributor, etc. Clarendon Press,
Date of publication, distribution, etc. 1910 [Reprinted 1964]
300 ## - PHYSICAL DESCRIPTION
Pagination 312 p. :
Illustrations ill. ;
Size 18 cm
650 ## - SUBJECT ADDED ENTRY--TOPICAL TERM
Topical term or geographic name as entry element Latin literature
9 (RLIN) 202155
700 1# - ADDED ENTRY--PERSONAL NAME
Personal name Bailey, Cyril,
Dates associated with a name 1871-1957.
942 ## - ADDED ENTRY ELEMENTS (KOHA)
Source of classification or shelving scheme Dewey Decimal Classification
Koha item type Books
Holdings
Lost status Source of classification or shelving scheme Damaged status Not for loan Collection code Permanent Location Current Location Shelving location Date acquired Source of acquisition Cost, normal purchase price Total Checkouts Full call number Date last seen Copy number Koha item type
  Dewey Decimal Classification   Not For Loan Non-fiction Central Library, University of Rajshahi Central Library, University of Rajshahi Reading Room 04/11/1968 Zeitlnger 18.00   870 LUC 1964 30/03/2017 C-1 Books